000 01154cam a2200313 i 4500
001 192170
003 ES-MaACL
005 20250827052324.0
008 221107s2018 mr ab 000 p spa d
040 _bspa
_cES-MaACL
080 _a821.134.2-14"20"
080 _a910.4(0:82)
100 1 _aOthman-Bentria Ramos, Farid,
_d1979-
_eaut
_9175800
245 1 0 _aMare incógnita :
_bcartografía poética /
_cFarid Othman-Bentria Ramos ; [prólogo, Antonio Lozano].
260 _aTanger :
_bLitograf,
_c[2018]
300 _a50 páginas, 1 hoja de mapa plegada :
_bmapas ;
_c15 cm.
490 1 _aMare nostrum
500 _aÍndice
520 _aCuaderno de viaje que incluye poemario con cartografía del Mediterráneo
650 7 _aViajes-
_xEn la literatura
_2
_9151280
651 4 _aMediterráneo (Región)-
_xEn la literatura.
_9175801
655 7 _aPoesías
_2tgfbne
_9176539
700 1 _aLozano, Antonio,
_d1956-2019
_eaui
_9175774
830 1 _aMare nostrum
_9176533
852 4 _aES-MaACL
_jN-8125
_bR. 152258
_cDEPOJ
_hDonación: Editorial
_9199452
942 _cMONOGRAFIA
_n0
999 _c192170
_d192170